Basics of network security, firewalls and VPNs (Record no. 181189)

MARC details
000 -LEADER
fixed length control field 00618nam a22001817a 4500
005 - DATE AND TIME OF LATEST TRANSACTION
control field 20210906110535.0
010 ## - LCCN (DPL NO)
LC control number B-741383
020 ## - INTERNATIONAL STANDARD BOOK NUMBER
International Standard Book Number 9788120324107
Terms of availability 195.00
035 ## - SYSTEM CONTROL NUMBER
System control number B-741383
037 ## - SOURCE OF ACQUISITION
Source of stock number/acquisition Gift
082 ## - DEWEY DECIMAL CLASSIFICATION NUMBER
Classification number 005.8
245 ## - TITLE STATEMENT
Title Basics of network security, firewalls and VPNs
260 ## - PUBLICATION, DISTRIBUTION, ETC. (IMPRINT)
Place of publication, distribution, etc New Delhi
Name of publisher, distributor, etc Prentice-Hall of India
Date of publication, distribution, etc 2003
270 ## - ADDRESS
Address M-97, Cannaught Circus
City New Delhi
Postal code 110001
300 ## - PHYSICAL DESCRIPTION
Extent x, 294p.:
Dimensions 24cm(pbk)
942 ## - ADDED ENTRY ELEMENTS (KOHA)
Source of classification or shelving scheme Dewey Decimal Classification
Item type English Books
Classification part 005.8
Call number suffix BAS
Holdings
Withdrawn status Lost status Not for loan Collection code Home library Current library Date acquired Source of acquisition Cost, normal purchase price Full call number Barcode Copy number Cost, replacement price Koha item type Public note
      Non-fiction Central Library Central Library 06/09/2021 Gift/Eng/18-08-2021 195.00 005.8 BAS B-741383 1 195.00 English Books Gift

© Delhi Public Library
Hit Counter
free hit counter